000 00276nam a22001337a 4500
008 170614b xxu||||| |||| 00| 0 eng d
020 _a8007653131
041 _aeng
080 _a328
100 _a19
101 _aSHP
245 _aPERSPECTIVE
_cWALKER,T
942 _2udc
_cBK
999 _c17248
_d17248